00689nam a2200217 a 450000500170000000800410001701000140005802000260007202000150009803500130011303700150012604000180014108200120015910000180017124501070018926000550029627000450035130000270039650000200042365000280044320080820131943.0060418s2006 caua |s 001 0 eng d aENG-91168 a9780070264922c195.00 a0070264929 aEN-74701 bDBAD / PUB adplbEnglish  a650.144 aAdler, Oscar  aSell yourself in any interview:cby Oscar Adler buse proven sales techniques to land your dream job / aNew Delhi bTata McGraw-Hill Publishingc2008  a7 West Patel Nagar, bNew Delhi e110008 axv, 158p.c22cm (pbk)  aIncludes index  2Employment interviewing